Statistics for A-Z Cities by Pictures #2

Click here to take the quiz!

General Stats

  • This quiz has been taken 99 times
    (74 since last reset)
  • The average score is 14 of 26

Answer Stats

Answer% Correct
Paris
97%
Berlin
92%
Copenhagen
85%
Kuala Lumpur
83%
Agra
77%
Osaka
75%
Hong Kong
70%
Taipei
63%
Quito
62%
Lisbon
60%
Wuhan
55%
New Orleans
53%
Dublin
52%
Zagreb
48%
Fez
42%
Gdańsk
42%
Mexico City
38%
Riyadh
38%
Saint Petersburg
35%
Valencia
35%
Johannesburg
33%
Utrecht
33%
Isfahan
32%
Edmonton
27%
Yerevan
23%
Xanthi
12%

Score Distribution

Percentile by Number Answered

Percent of People with Each Score

Your Score History

You have not taken this quiz since the last reset